000 00404nam a22001697a 4500
003 MPLRDC
005 20220104123725.0
008 210129b ||||| |||| 00| 0 eng d
082 _a544.72 SH
100 _a石华编
245 _a青年人的生理常识
_c
260 _a
_b世界书局有限公司
_c1972
300 _b
490 _a医药卫生丛书
650 _a
942 _cBK
_o544.72 SH
999 _c13685
_d13675